Mantener el orden en el aula de educación primaria: recursos y habilidades para establecer relaciones positivas
Gorde:
| Egile Nagusiak: | , |
|---|---|
| Formatua: | Liburua |
| Hizkuntza: | gaztelania |
| Argitaratua: |
Barcelona
Ceac
2003
|
| Saila: | Aula Práctica Primaria
|
| Gaiak: | |
| Etiketak: |
Etiketa erantsi
Etiketarik gabe, Izan zaitez lehena erregistro honi etiketa jartzen!
|
MARC
| LEADER | 00000nam a2200000 a 4500 | ||
|---|---|---|---|
| 001 | UCI9741 | ||
| 003 | CL-VaPUC | ||
| 008 | 081204e20030000SP |||||||||||||||||spa|d | ||
| 020 | |a 8432986585 | ||
| 082 | 0 | 4 | |a 306.432 |b ROS |2 21 |
| 100 | 0 | |a Rosanas, Carme |e author |9 533659 | |
| 700 | 0 | |a Esmorís, Elena |e author |9 533660 | |
| 245 | 1 | 0 | |a Mantener el orden en el aula de educación primaria: recursos y habilidades para establecer relaciones positivas |
| 300 | |a 152 p | ||
| 942 | |c BK | ||
| 945 | |d 20081204 00:00:00 |a jtorresc | ||
| 260 | |a Barcelona |b Ceac |c 2003 | ||
| 650 | 0 | |a Solución de conflictos |9 266729 | |
| 650 | 7 | |a DESORDEN |2 CL-VaPUC |9 533661 | |
| 650 | 0 | |a Psicología educacional |9 307830 | |
| 650 | 0 | |a Educación básica |9 224933 | |
| 650 | 0 | |a Escuelas |9 308582 | |
| 650 | 0 | |a Docentes |9 311365 | |
| 583 | |a last modification |c 20081204 00:00:00 |k Rodrigo Vera | ||
| 490 | 0 | |a Aula Práctica Primaria | |
| 999 | |c 332220 |d 332218 | ||
| 952 | |0 0 |1 0 |4 0 |6 306_432000000000000_ROS_2003 |7 0 |8 A |9 419731 |a BIBEDU |b BIBEDU |d 2019-11-22 |i 4502337 |l 1 |o 306.432 ROS 2003 |p 4502337 |r 2024-05-03 |s 2024-04-24 |w 2019-11-22 |y BK |k EPE | ||